000
00270pam a2200121 a 4500
020
_c
041
_h
082
_a
331.88
_b
MCC
100
_a
MCCARTHY W.E.J.,
245
_a
TRADE UNIONS
_h
Textual Documents
260
_a
ENGLAND
_b
PENGUIN BOOKS LTD
_c
1972
930
_a
8426
999
_c
127882
_d
127882